LEADER 04152nas 2201141-- 450 001 996335813903316 005 20231214213021.0 035 $a(CKB)111020441967010 035 $a(CONSER)cn-77033697- 035 $a(EXLCZ)99111020441967010 100 $a20780405a19739999 --- a 101 0 $aeng 181 $ctxt$2rdacontent 182 $cc$2rdamedia 183 $acr$2rdacarrier 200 00$aBriar patch 210 $aRegina$cBriar Patch Society 210 31$aRegina, SK :$cBriarpatch Inc. 215 $a1 online resource 300 $a: "Briarpatch publishes six thought-provoking, fire-breathing, riot-inciting issues a year. Fiercely independent and proudly polemical, Briarpatch delves into today's most pressing issues from a radical, grassroots perspective, always aiming to challenge and inspire its readers."--taken from colophon. 311 08$aPrint version: Briar patch. 0703-8968 (DLC)cn 77033697 (OCoLC)1080281982 517 3 $aBriarpatch 531 $aBRIAR PATCH 531 0 $aBriar patch 606 $aPoor$zSaskatchewan$vPeriodicals 606 $aWorking class$zCanada$vPeriodicals 606 $aSocial problems$vPeriodicals 606 $aSocial justice$vPeriodicals 606 $aSocial history$vPeriodicals 606 $aEconomic history$vPeriodicals 606 $aSocialism$vPeriodicals 606 $aEnvironmentalism$vPeriodicals 606 $aPauvres$zSaskatchewan$vPériodiques 606 $aProblèmes sociaux$vPériodiques 606 $aJustice sociale$vPériodiques 606 $aHistoire sociale$vPériodiques 606 $aHistoire économique$vPériodiques 606 $aEnvironnementalisme$vPériodiques 606 $aWorking class$2fast$3(OCoLC)fst01180418 606 $aSocialism$2fast$3(OCoLC)fst01123637 606 $aSocial problems$2fast$3(OCoLC)fst01122778 606 $aSocial policy$2fast$3(OCoLC)fst01122738 606 $aSocial justice$2fast$3(OCoLC)fst01122603 606 $aSocial history$2fast$3(OCoLC)fst01122498 606 $aPoor$2fast$3(OCoLC)fst01071040 606 $aEnvironmentalism$2fast$3(OCoLC)fst00913543 606 $aEconomic policy$2fast$3(OCoLC)fst00902025 606 $aEconomic history$2fast$3(OCoLC)fst00901974 606 $aSocial conditions$2fast$3(OCoLC)fst01919811 607 $aSaskatchewan$xSocial conditions$xPeriodicals 607 $aSaskatchewan$xEconomic conditions$xPeriodicals 607 $aCanada$xSocial conditions$vPeriodicals 607 $aCanada$xEconomic conditions$vPeriodicals 607 $aCanada$xSocial policy$vPeriodicals 607 $aCanada$xEconomic policy$vPeriodicals 607 $aSaskatchewan$xSocial conditions$vPeriodicals 607 $aSaskatchewan$xConditions économiques$xPériodiques 607 $aSaskatchewan$xConditions sociales$xPériodiques 607 $aCanada$xConditions sociales$vPériodiques 607 $aCanada$xConditions économiques$vPériodiques 607 $aCanada$2fast 607 $aSaskatchewan$2fast 608 $aPeriodicals. 608 $aPeriodicals.$2fast 615 0$aPoor 615 0$aWorking class 615 0$aSocial problems 615 0$aSocial justice 615 0$aSocial history 615 0$aEconomic history 615 0$aSocialism 615 0$aEnvironmentalism 615 6$aPauvres 615 6$aProblèmes sociaux 615 6$aJustice sociale 615 6$aHistoire sociale 615 6$aHistoire économique 615 6$aEnvironnementalisme 615 7$aWorking class. 615 7$aSocialism. 615 7$aSocial problems. 615 7$aSocial policy. 615 7$aSocial justice. 615 7$aSocial history. 615 7$aPoor. 615 7$aEnvironmentalism. 615 7$aEconomic policy. 615 7$aEconomic history. 615 7$aSocial conditions. 676 $a330.9/7124 686 $acci1icc$2lacc 712 02$aBriar Patch Society. 712 02$aBriarpatch Incorporated, 906 $aJOURNAL 912 $a996335813903316 920 $aexl_impl conversion 996 $aBriar patch$92409337 997 $aUNISA LEADER 01406nas 2200445-- 450 001 9910892909903321 005 20260218110407.0 011 $a0334-441X 035 $a(DE-599)ZDB2195240-1 035 $a(CKB)991042748184860 035 $a(CONSER)sn-89011115- 035 $a(DE-599)2195240-1 035 $a(EXLCZ)99991042748184860 100 $a20760723b19702001 --- a 101 0 $aeng 181 $ctxt$2rdacontent 182 $cc$2rdamedia 200 10$aEconomic review 210 $aJerusalem$cBan? Yi?ra'el, Ma?le?et ha-me??ar 215 $a1 online resource 311 08$aPrint version: Banking review 0792-0385 (DLC)sn 89011115 (OCoLC)2329076 517 3 $aBank of Israel economic review 531 0 $aEcon. rev. 606 $aFinance$zIsrael$vPeriodicals 606 $aEconomic history$2fast$3(OCoLC)fst00901974 606 $aFinance$2fast$3(OCoLC)fst00924349 606 $aEconomische situatie$2gtt 607 $aIsrael$xEconomic conditions$vPeriodicals 607 $aIsrael$2fast$1https://id.oclc.org/worldcat/entity/E39PBJdgWx83Xb7cjjrMXBJYyd 608 $aPeriodicals.$2fast 615 0$aFinance 615 7$aEconomic history. 615 7$aFinance. 615 17$aEconomische situatie. 676 $a332.11 906 $aJOURNAL 912 $a9910892909903321 920 $aexl_impl conversion 996 $aEconomic review$9797978 997 $aUNINA